UBT Library

Medical surgical nursing: (Record no. 2180)

000 -LEADER
fixed length control field 00346nam a22001337a 4500
008 - FIXED-LENGTH DATA ELEMENTS--GENERAL INFORMATION
fixed length control field 160518b xxu||||| |||| 00| 0 eng d
020 ## - INTERNATIONAL STANDARD BOOK NUMBER
International Standard Book Number 9781582556949
020 ## - INTERNATIONAL STANDARD BOOK NUMBER
International Standard Book Number 9781582556949
020 ## - INTERNATIONAL STANDARD BOOK NUMBER
International Standard Book Number 1582556946
041 ## - LANGUAGE CODE
Language code of text/sound track or separate title eng
080 ## - UNIVERSAL DECIMAL CLASSIFICATION NUMBER
Universal Decimal Classification number 618.2
245 ## - TITLE STATEMENT
Title Medical surgical nursing:
Statement of responsibility, etc Wolters Kuwer; Lippincott Williams Wilkins;
942 ## - ADDED ENTRY ELEMENTS (KOHA)
Source of classification or shelving scheme
Item type Books
Holdings
Withdrawn status Lost status Source of classification or shelving scheme Damaged status Not for loan Collection code Permanent location Current location Shelving location Date acquired Total Checkouts Full call number Barcode Date last seen Price effective from Koha item type
          Koleksioni i përgjithshem UBT - Lipjan UBT - Lipjan Koleksioni i përgjithshem 05/18/2016   618.2 KLU 002-029528 01/10/2017 05/18/2016 Books
          Koleksioni i përgjithshem UBT - Lipjan UBT - Lipjan   03/17/2023   610.73KLU 002-80001031 03/17/2023 03/17/2023 Books
UBT Library © 2015-2024. All rights reserved University Education for Business and Technology